000 00834nam a2200241Ia 4500
001 16590
003 GE_BSU
008 181216s||||||||xx |||||||||||||| ||und||
040 _cGE_BSU
080 _a821.353.1-32
100 _aკაკუშაძე, ნოე
245 _aწიგნის სასახლე. მეომრის დღიურიდან
245 _bმოთხრობები
245 _cრედ. ნ,ლორთქიფანიძე მხ. კ.ფაჩულია
260 _aთბილისი
260 _bნაკადული
260 _c1974
300 _a382გვ. ; 17სმ.
653 _aმეომრის დღიურიდან
653 _aმოთხრობები
653 _aწიგნის სასახლე
942 _cBK
999 _c49658
_d49658